000 00418nam a2200181Ia 4500
001 3433
005 20260306145643.0
008 260306t2007||||xx |||||||||||||| ||spa||
041 _aESP
082 _a277
_bD97
100 _aDumont, Jean
_eAUT
245 0 _aLa hora de Dios en el nuevo mundo
260 _c2007
300 _a264 páginas :
_c23 cm.
650 _aGEN
654 _aCHU
942 _cLIB
_dJUS
_fJUS
_2ddc
_n
999 _c3433
_d3433